[Event "Challenge"]
[Site "http://www.queenalice.com/game.php?id=1326792"]
[Date "2014.12.8"]
[Round "-"]
[White "Vladimir"]
[Black "severinovic"]
[Result "0-1"]
[WhiteElo "1784"]
[BlackElo "1775"]

1. d4 d5 2. c4 Nf6 3. Nc3 a6 4. Bg5 h6 5. Bh4 g5 6. Bg3 Bg7 7. Nf3 Ne4 8. Nxe4
dxe4 9. Ne5 Be6 10. d5 Bf5 11. Qa4+ Nd7 12. Nxd7 Bxd7 13. Qc2 Bf5 14. e3 O-O 15.
f3 Qc8 16. fxe4 Bg6 17. Bd3 e6 18. O-O exd5 19. cxd5 Qd7 20. Rac1 c6 21. dxc6
bxc6 22. Rfd1 Qe6 23. b3 a5 24. Qxc6 Qxc6 25. Rxc6 Rfc8 26. Rxc8+ Rxc8 27. Bc4
Bxe4 28. Rd7 Rf8 29. Ra7 Bc3 30. Bc7 Bd4 31. Rxa5 Bxe3+ 32. Kf1 Kh7 33. Re5 f5
34. Re7+ Kg6 35. Be5 Kh5 36. Bf7+ Kg4 37. h3+ Kh4 38. Ke2 f4 39. Bg7 Rd8 40.
Rxe4 Kg3 41. Bxh6 Rd2+ 42. Kf1 Bf2 43. Bh5 Rxa2 44. Re2 Ra1+ 0-1

[Event "Challenge"]
[Site "http://www.queenalice.com/game.php?id=1330230"]
[Date "2014.12.23"]
[Round "-"]
[White "BigAlex"]
[Black "severinovic"]
[Result "1-0"]
[WhiteElo "2042"]
[BlackElo "1783"]

1. e4 d6 2. d4 Nf6 3. Nc3 g6 4. Nf3 Bg7 5. Bg5 O-O 6. Qd2 Nbd7 7. Bh6 c5 8. Bxg7
Kxg7 9. O-O-O a6 10. dxc5 dxc5 11. e5 Nh5 12. g4 Nxe5 13. Qxd8 Bxg4 14. Qxe7
Nxf3 15. h3 Be6 16. Qxb7 Nd4 17. Bg2 1-0

[Event "Challenge"]
[Site "http://www.queenalice.com/game.php?id=1333082"]
[Date "2015.1.5"]
[Round "-"]
[White "severinovic"]
[Black "BigAlex"]
[Result "0-1"]
[WhiteElo "1763"]
[BlackElo "2071"]

1. e4 e5 2. Bc4 Nf6 3. d3 h6 4. Nf3 Nc6 5. c3 d5 6. Bb3 dxe4 7. dxe4 Qxd1+ 8.
Bxd1 Nxe4 9. O-O Bc5 10. Be3 Bxe3 11. fxe3 O-O 12. Nbd2 Bf5 13. Nxe4 Bxe4 14.
Be2 Rad8 15. a3 a6 16. b4 Bd3 17. Bxd3 Rxd3 18. e4 Rxc3 19. Rfe1 Rd8 20. Rad1
Rcd3 21. Rxd3 Rxd3 22. Ra1 f6 23. h4 Kf8 24. Kh2 h5 25. Kg3 Ke7 26. Ra2 Nd4 27.
a4 Rb3 28. b5 axb5 29. a5 c5 30. a6 bxa6 31. Rxa6 c4 32. Ra8 c3 33. Rh8 c2 34.
Rh7 Kf7 35. Rxh5 c1=Q 36. Rh7 Nxf3 37. gxf3 Qf4+ 38. Kh3 Rxf3+ 39. Kg2 Qg4+ 40.
Kh2 Rh3# 0-1

[Event "REVANCHE..."]
[Site "http://www.queenalice.com/game.php?id=1333960"]
[Date "2015.1.10"]
[Round "-"]
[White "severinovic"]
[Black "Vladimir"]
[Result "1-0"]
[WhiteElo "1797"]
[BlackElo "1790"]

1. e4 e5 2. Nf3 Nf6 3. d3 Nc6 4. c3 h6 5. d4 exd4 6. cxd4 d5 7. exd5 Qxd5 8. Nc3
Bb4 9. Bd2 Bxc3 10. Bxc3 Bg4 11. Be2 O-O 12. O-O Rfe8 13. h3 Bh5 14. Re1 Re4 15.
Bd3 Rxe1+ 16. Qxe1 Bxf3 17. gxf3 Qxf3 18. Qe3 Qd5 19. Qg3 Rc8 20. Kh2 Ne7 21.
Rg1 g5 22. Qe5 Qe6 23. f4 Qxe5 24. dxe5 Nh5 25. fxg5 Nf4 26. gxh6+ Neg6 27. Bf5
Re8 28. Rg4 Kh7 29. Rxf4 Kxh6 30. Rg4 Nxe5 31. Bd2+ Kh5 32. Rg3 Nc4 33. Rg5+ 1-0

[Event "AUTO-ADV-3344"]
[Site "http://www.queenalice.com/game.php?id=1337812"]
[Date "2015.1.29"]
[Round "1"]
[White "MSchatz"]
[Black "severinovic"]
[Result "1-0"]
[WhiteElo "1949"]
[BlackElo "1772"]

1. e4 d6 2. d4 Nf6 3. Nc3 g6 4. g3 Nc6 5. Bg2 Bg7 6. Nge2 O-O 7. Bf4 e5 8. dxe5
Nxe5 9. Bxe5 dxe5 10. O-O Qxd1 11. Raxd1 Be6 12. Nc1 Bc4 13. Rfe1 c6 14. Nd3
Rfe8 15. b3 Bxd3 16. Rxd3 Rad8 17. Red1 Rxd3 18. Rxd3 a6 19. Na4 Bf8 20. Nb6 Bc5
21. Nd7 Nxd7 22. Rxd7 b5 23. Kf1 Kg7 24. Ke2 Bd4 25. f3 Bg1 26. h3 Bh2 27. g4
Bf4 28. Bf1 Re6 29. Kf2 c5 30. a4 c4 31. axb5 axb5 32. bxc4 bxc4 33. Bxc4 Rf6
34. Bd5 Kh6 35. Rxf7 Ra6 36. Rc7 Ra3 37. h4 Re3 38. Bg8 g5 39. h5 Bh2 40. Rxh7#
1-0

[Event "AUTO-ADV-3344"]
[Site "http://www.queenalice.com/game.php?id=1337813"]
[Date "2015.1.29"]
[Round "1"]
[White "severinovic"]
[Black "MSchatz"]
[Result "0-1"]
[WhiteElo "1801"]
[BlackElo "1948"]

1. e4 e5 2. Bc4 Bc5 3. c3 Nf6 4. d3 h6 5. Nf3 Nc6 6. d4 exd4 7. cxd4 Bb4+ 8. Nc3
O-O 9. Bd2 Bxc3 10. bxc3 Nxe4 11. Qb3 Nxd2 12. Bxf7+ Rxf7 13. Kxd2 Qf6 14. Rae1
Kf8 15. Qa3+ d6 16. d5 Ne7 17. Qb3 b6 18. Re3 Bb7 19. Qc4 Nxd5 20. Qd3 Nxe3 21.
fxe3 Bxf3 22. Qh7 Bb7 23. Rg1 Qf2+ 24. Kd3 Qxg1 25. Qh8+ Ke7 26. Qf8+ Raxf8 27.
a4 Qxg2 28. h4 Qe4+ 29. Kd2 Rf2+ 30. Ke1 Qh1# 0-1

[Event "AUTO-ADV-3344"]
[Site "http://www.queenalice.com/game.php?id=1337826"]
[Date "2015.1.29"]
[Round "1"]
[White "severinovic"]
[Black "Bategoll"]
[Result "0-1"]
[WhiteElo "1790"]
[BlackElo "1751"]

1. e4 Nf6 2. d3 e5 3. Nf3 d6 4. Bg5 Be7 5. c3 Bg4 6. Be2 Nc6 7. Nbd2 h6 8. Bh4
g5 9. Bg3 Nh5 10. h3 Nxg3 11. fxg3 Be6 12. g4 Qd7 13. Qc2 O-O-O 14. d4 exd4 15.
Nxd4 Nxd4 16. cxd4 d5 17. Rc1 dxe4 18. Bb5 c6 19. Ba4 Qxd4 20. Bxc6 Qe3+ 21. Kf1
Kb8 22. Bxe4 Qf4+ 23. Ke2 Rxd2+ 24. Qxd2 Qxe4+ 25. Qe3 Qxg2+ 26. Kd3 Rd8+ 27.
Kc3 Rc8+ 28. Kd3 Qd5+ 29. Ke2 Qb5+ 30. Qd3 Qxb2+ 31. Ke3 Rxc1 32. Rxc1 Qxc1+ 33.
Ke4 Qh1+ 34. Kd4 Bf6+ 35. Ke3 Qxh3+ 36. Kd2 Qxd3+ 37. Kxd3 Bxg4 38. Ke4 h5 39.
Kd5 Bb2 40. Kd6 f5 41. a4 f4 42. a5 f3 43. Kc5 f2 44. Kb5 h4 45. a6 bxa6+ 46.
Kxa6 h3 47. Ka5 h2 48. Ka6 h1=Q 49. Ka5 Bh5 50. Kb4 g4 51. Kb3 Bh8 52. Kc4 f1=Q+
53. Kc5 Qc1+ 54. Kd6 Qhc6+ 55. Ke7 Qg5+ 56. Kf8 Qcf6# 0-1

[Event "AUTO-ADV-3344"]
[Site "http://www.queenalice.com/game.php?id=1337827"]
[Date "2015.1.29"]
[Round "1"]
[White "Bategoll"]
[Black "severinovic"]
[Result "1-0"]
[WhiteElo "1900"]
[BlackElo "1815"]

1. e4 d6 2. Nf3 Nf6 3. Bc4 g6 4. Ng5 Bg7 5. Nxf7 Bg4 6. f3 Qc8 7. Nxh8 Be6 8.
Bb5+ Nc6 9. Bxc6+ bxc6 10. Nc3 Bxh8 11. d3 d5 12. e5 d4 13. exf6 exf6 14. Ne4
Qd7 15. O-O Rb8 16. Re1 a5 17. Qe2 Rb5 18. Nxf6+ Bxf6 19. Qxe6+ Qxe6 20. Rxe6+
Kf7 21. Rxc6 Be5 22. Rxc7+ Bxc7 23. b3 Re5 24. Bf4 Re7 25. Bxc7 Rxc7 26. Rc1 Re7
27. c4 Re2 28. c5 Rxa2 29. c6 Kg7 30. c7 Ra3 31. c8=Q Rxb3 32. Qc7+ Kh6 33. Qxa5
Rxd3 34. Qc5 g5 35. Qf8+ Kh5 36. g4+ Kg6 37. Rc6# 1-0

[Event "AUTO-ADV-3344"]
[Site "http://www.queenalice.com/game.php?id=1337828"]
[Date "2015.1.29"]
[Round "1"]
[White "severinovic"]
[Black "carlosjvega"]
[Result "0-1"]
[WhiteElo "1759"]
[BlackElo "1537"]

1. e4 e5 2. Nf3 Nc6 3. Bc4 Bc5 4. d3 Nf6 5. Bg5 d6 6. c3 O-O 7. d4 exd4 8. cxd4
Bb4+ 9. Nc3 Bg4 10. Qd3 Bxf3 0-1

[Event "Challenge"]
[Site "http://www.queenalice.com/game.php?id=1364373"]
[Date "2015.6.8"]
[Round "-"]
[White "ORNELAS"]
[Black "severinovic"]
[Result "0-1"]
[WhiteElo "1667"]
[BlackElo "1713"]

1. Nf3 d6 2. d4 g6 3. d5 Nf6 4. Bg5 c6 5. Bxf6 exf6 6. c4 Nd7 7. e4 Ne5 8. Nxe5
fxe5 9. Qa4 Bd7 10. Qb3 Qb6 11. Qc3 cxd5 12. exd5 Bg7 13. b3 O-O 14. Qf3 f5 15.
Nd2 e4 16. Qg3 Bxa1 17. Be2 f4 18. Qg5 Bc3 19. O-O Bxd2 20. Bh5 Qd8 21. Qxd8
Raxd8 22. Bd1 f3 23. Bxf3 exf3 24. g3 Bh3 25. Rd1 Bb4 26. Rd3 Bg2 27. h4 Rde8
28. Kh2 Re1 29. g4 Rh1+ 30. Kg3 Rh3# 0-1

[Event "Challenge"]
[Site "http://www.queenalice.com/game.php?id=1364374"]
[Date "2015.6.8"]
[Round "-"]
[White "ORNELAS"]
[Black "severinovic"]
[Result "0-1"]
[WhiteElo "1742"]
[BlackElo "1727"]

1. Nf3 Nf6 2. d3 d6 3. Bg5 Nbd7 4. e4 g6 5. Bxf6 Nxf6 6. Nbd2 b5 7. c3 c5 8. b3
Bg7 9. a4 Bd7 10. axb5 Bxb5 11. c4 Bd7 12. Rb1 Bg4 13. Be2 O-O 14. Nh4 Qc8 15.
Ndf3 Nh5 16. O-O Nf4 17. Qd2 e5 18. h3 Bxf3 19. Bxf3 Bh6 20. Qa5 Nxd3 21. Qc3
Nb4 22. Rb2 Qd8 23. Rd1 Bg5 24. Nxg6 fxg6 25. Ra1 Nc6 26. Ra6 Nd4 27. Bg4 Rf6
28. Rba2 Qe7 29. b4 Qb7 30. b5 Qxe4 31. Qa5 Rf7 32. Rxd6 Qb1+ 33. Kh2 Bf4+ 34.
g3 Qc1 35. Be6 Nf3+ 36. Kg2 Qg1+ 37. Kxf3 Bd2+ 38. Ke4 Qe1+ 39. Kd5 Bxa5 40.
Bxf7+ Kxf7 41. Rd7+ Kf6 42. Rd6+ Kf5 43. Kc6 Rc8+ 44. Kb7 Rc7+ 45. Kb8 Bb6 46.
g4+ Kg5 47. Rad2 Qh1 48. R2d5 Qf3 49. Rxe5+ Kh4 50. Rxb6 axb6 51. Kxc7 Qf4 52.
Kd6 Kxh3 53. Kd5 Qd4+ 54. Ke6 Qxc4+ 55. Rd5 Kxg4 56. Kd6 Qxb5 57. Re5 Qd3+ 58.
Ke6 h5 59. Kf6 Qd6+ 60. Re6 Qxe6+ 61. Kxe6 c4 62. Kf6 c3 63. Kxg6 c2 64. f4 Kxf4
65. Kxh5 c1=Q 66. Kg6 Kg4 67. Kf6 Qg5+ 68. Ke6 b5 69. Kd6 Kf4 70. Kc6 b4 71. Kb6
Qd5 72. Kc7 Qe6 73. Kb7 b3 74. Kc7 b2 75. Kd8 Qf7 76. Kc8 b1=R 77. Kd8 Rb8# 0-1

[Event "revanche 1"]
[Site "http://www.queenalice.com/game.php?id=1369239"]
[Date "2015.7.3"]
[Round "-"]
[White "severinovic"]
[Black "ORNELAS"]
[Result "1-0"]
[WhiteElo "1744"]
[BlackElo "1770"]

1. e4 Nc6 2. Bc4 e6 3. Nf3 Na5 4. d3 Nxc4 5. dxc4 Bb4+ 6. Nc3 Bxc3+ 7. bxc3 Qf6
8. Bb2 d6 9. O-O e5 10. a4 Bg4 11. Qd3 Nh6 12. Ba3 O-O 13. Rab1 Qg6 14. Nh4 Qg5
15. g3 Bh3 16. Qe3 Qxe3 17. fxe3 Bxf1 18. Kxf1 Ng4 19. Ke2 b6 20. h3 Nf6 21. Nf5
Nxe4 22. Ne7+ Kh8 23. Kd3 Nf2+ 24. Ke2 Nxh3 25. e4 Ng5 26. Ke3 c5 27. Bc1 Rae8
28. Nf5 g6 29. Nxd6 Re6 30. Nb5 Rf6 31. Ke2 Nxe4 32. Bh6 Rd8 33. Ke3 Nxg3 34.
Bg5 Nf5+ 35. Kf3 Nd6+ 36. Bxf6+ Kg8 37. Bxd8 e4+ 38. Ke3 Nb7 39. Rd1 Kg7 40.
Nxa7 Na5 41. Kxe4 Nxc4 42. Rd7 Na5 43. Bxb6 Nc4 44. Bxc5 h5 45. Kf4 h4 46. Bd4+
Kh6 47. Kg4 g5 48. Rxf7 h3 49. Kxh3 Kg6 50. Rf6+ Kg7 51. Rc6+ Kf7 52. Rxc4 Kg6
53. Kg4 Kh6 54. Rc6+ Kh7 55. Kxg5 Kg8 56. Kg6 Kf8 57. Bc5+ Ke8 58. Rc7 Kd8 59.
Bd6 1-0

[Event "AUTO-ADV-3554"]
[Site "http://www.queenalice.com/game.php?id=1399860"]
[Date "2015.12.21"]
[Round "1"]
[White "severinovic"]
[Black "pulrich"]
[Result "0-1"]
[WhiteElo "1761"]
[BlackElo "1795"]

1. e4 e5 2. Nf3 d6 3. Bc4 Nf6 4. Nc3 Qe7 5. d4 exd4 6. Qxd4 Be6 7. Bg5 Nc6 8.
Nd5 Bxd5 9. Qxd5 Nxd5 10. Bxe7 Bxe7 11. exd5 Ne5 12. Nxe5 dxe5 13. O-O f5 14. f3
O-O-O 15. Rfe1 Bd6 16. c3 h5 17. b4 g5 18. a4 h4 19. h3 Rdg8 20. Kh2 g4 21. Re3
gxh3 22. gxh3 Rg3 23. Rg1 Rhg8 24. Bf1 Rxg1 25. Re2 e4+ 26. f4 Bxf4# 0-1

[Event "AUTO-ADV-3554"]
[Site "http://www.queenalice.com/game.php?id=1399861"]
[Date "2015.12.21"]
[Round "1"]
[White "pulrich"]
[Black "severinovic"]
[Result "1-0"]
[WhiteElo "1775"]
[BlackElo "1777"]

1. d4 Nf6 2. Nc3 Nc6 3. d5 Ne5 4. f4 Neg4 5. e4 e6 6. e5 Nxd5 7. Qxg4 Nxc3 8.
bxc3 Be7 9. Ne2 d6 10. Qxg7 Bd7 11. Qxh8+ Bf8 12. Nd4 c5 13. Nb5 Qa5 14. Nxd6+
Ke7 15. Qf6# 1-0